Cases and materials on criminal law / (Record no. 4631)
[ view plain ]
| 000 -LEADER | |
|---|---|
| fixed length control field | 00845cam a2200193 a 4500 |
| 020 ## - INTERNATIONAL STANDARD BOOK NUMBER | |
| ISBN | 0314145605 (alk. paper) |
| 020 ## - INTERNATIONAL STANDARD BOOK NUMBER | |
| ISBN | 0314145613 (teacher's manual : alk. paper) |
| 050 00 - CALL NUMBER | |
| Classification number | KF9218 |
| Item number | .D68 |
| 100 1# - AUTHOR | |
| Personal name | Dressler, Joshua. |
| 245 10 - TITLE | |
| Title | Cases and materials on criminal law / |
| Statement of responsibility, etc | by Joshua Dressler. |
| 250 ## - EDITION | |
| Edition statement | 3rd ed. |
| 260 ## - PUBLICATION INFORMATION | |
| Place of publication | St. Paul, MN : |
| Name of publisher | Thomson/West, |
| Year of publication | c2003. |
| 300 ## - DESCRIPTION | |
| Number of Pages | lxxi, 1056 p. ; |
| Dimensions | 26 cm. + |
| Accompanying material | teacher's manual. |
| 440 #0 - SERIES | |
| SERIES | American casebook series |
| 500 ## - NOTES | |
| General note | Includes index. |
| 505 ## - FORMATTED CONTENTS NOTE | |
| Table of Content | Introduction: setting the stage --<br/>Principles of punishment --<br/>Modern role of criminal statutes --<br/>Actus reus --<br/>Mens rea --<br/>Causation --<br/>Criminal homicide --<br/>Rape --<br/>General defenses to crimes --<br/>Inchoate offenses --<br/>Liability for the conduct of another --<br/>Theft. |
| 650 #0 - SUBJECTS | |
| Topical Term | Criminal law |
| 942 ## - ADDED ENTRY ELEMENTS (KOHA) | |
| Koha item type | Books |
| Withdrawn status | Lost status | Collection code | Home library | Current library | Shelving location | Date acquired | Full call number | Accession Number | Koha item type |
|---|---|---|---|---|---|---|---|---|---|
| Reference | Methodist University Library Main | Methodist University Law Library | Reference | KF9218 .D68 | 2432 | Books |